Govt. of
Madhya Pradesh

संत साहित्‍य और भारतीय वाडमय में प्रतीकों का विकास (Record no. 68957)

MARC details
000 -LEADER
fixed length control field 00412nam a22000977a 4500
082 ## - DEWEY DECIMAL CLASSIFICATION NUMBER
Classification number 800/ARY
245 ## - TITLE STATEMENT
Title संत साहित्‍य और भारतीय वाडमय में प्रतीकों का विकास
260 ## - PUBLICATION, DISTRIBUTION, ETC. (IMPRINT)
Place of publication दिल्‍ली
Name of publisher जास्मिन पब्लिकेशन
Year of publication 2021
650 ## - SUBJECT ADDED ENTRY--TOPICAL TERM
Topical Term काव्‍य समीक्षा
942 ## - ADDED ENTRY ELEMENTS (KOHA)
Koha item type Hindi Books
Holdings
Withdrawn status Lost status Damaged status Not for loan Home library Current library Date acquired Cost, normal purchase price Full call number Accession Number Price effective from Koha item type
        MACL MACL 05/04/2026 795.00 800/ARY CRH039082 05/04/2026 Hindi Books